| 000 | 00651nam a22002537a 4500 | ||
|---|---|---|---|
| 003 | UA-OsUOA | ||
| 001 | 28634 | ||
| 007 | ta | ||
| 008 | 20050414b un ||||| |||| 00| 0 ukr d | ||
| 100 | _aПалажченко А. | ||
| 090 |
_a82-94 _bП14 |
||
| 942 | _cBK | ||
| 040 |
_aUA-OsUOA _brus _cUA-OsUOA _dUA-OsUOA |
||
| 245 |
_aПартизанский комисар _bО герое Советского Союза С .В. Рудневе |
||
| 300 | _a124 с. | ||
| 955 | _a0 | ||
| 041 | _arus | ||
| 080 | _a82-94 | ||
| 260 |
_aМ. _bПолитиздат _c1978 |
||
| 044 | _aRU | ||
| 250 | _n2-е изд. | ||
| 650 | 7 | _2UDC | |
| 999 |
_c315003 _d315003 |
||